[Event "EU-ch Hybrid U10 Girls"]
[Site "Tornelo INT"]
[Date "2021.10.15"]
[Round "5"]
[White "Radu, Antonia"]
[Black "Asachenko, Ksenia"]
[Result "0-1"]
[WhiteElo "1204"]
[BlackElo "1382"]
[PlyCount "108"]
[EventDate "2021.10.15"]
[EventType "swiss"]
[EventRounds "9"]
[EventCountry "NET"]
[SourceTitle "EXT 2023"]
[Source "ChessBase"]
[SourceDate "2022.10.05"]
[SourceVersion "1"]
[SourceVersionDate "2022.10.05"]
[SourceQuality "1"]
[WhiteTeam "Romania"]
[BlackTeam "Russia"]
[WhiteTeamCountry "ROU"]
[BlackTeamCountry "RUS"]

1. e4 c5 2. Nf3 e6 3. d4 cxd4 4. Nxd4 a6 5. Nc3 Qc7 6. Bd3 Nf6 7. Qf3 Bb4 8. Bd2 Qe5 9. Nb3 d5 10. 0-0 Bxc3 11. Bxc3 dxe4 12. Bxe4 Qxe4 13. Qxe4 Nxe4 14. Bxg7 Rg8 15. Bd4 b5 16. f3 Nd6 17. Rad1 Nd7 18. Na5 Nc4 19. Nxc4 bxc4 20. h4 Bb7 21. Kh2 0-0-0 22. Bc3 Rg6 23. Ba5 Rdg8 24. Rf2 Rh6 25. Kh3 Ne5 26. Rfd2 Bd5 27. Bb6 Kb7 28. Be3 Rhg6 29. Bf4 Nc6 30. Rf2 Ne7 31. g4 h6 32. h5 Rf6 33. Kg3 Nf5+ 34. Kh2 Nh4 35. Kh3 Nxf3 36. Rxf3 Bxf3 37. Rd7+ Ka8 38. Be5 Bxg4+ 39. Kh4 Rf5 40. Bc3 Rxh5+ 41. Kg3 Rh3+ 42. Kf4 e5+ 43. Kxe5 Bxd7 44. Kf6 Rf3+ 45. Ke7 Be6 46. Kd6 h5 47. Kc6 h4 48. Be5 h3 49. Kb6 Rg5 50. Bc7 Rb5+ 51. Kxa6 Rxb2 52. a4 Bc8+ 53. Ka5 Rf5+ 54. Be5 Rxe5# 0-1

[Event "EU-ch Hybrid U10 Girls"]
[Site "Tornelo INT"]
[Date "2021.10.15"]
[Round "2"]
[White "Sokolova, Regina"]
[Black "Radu, Antonia"]
[Result "1-0"]
[WhiteElo "1364"]
[BlackElo "1204"]
[PlyCount "121"]
[EventDate "2021.10.15"]
[EventType "swiss"]
[EventRounds "9"]
[EventCountry "NET"]
[SourceTitle "EXT 2023"]
[Source "ChessBase"]
[SourceDate "2022.10.05"]
[SourceVersion "1"]
[SourceVersionDate "2022.10.05"]
[SourceQuality "1"]
[WhiteTeam "Russia"]
[BlackTeam "Romania"]
[WhiteTeamCountry "RUS"]
[BlackTeamCountry "ROU"]

1. e4 c5 2. Nf3 d6 3. d4 cxd4 4. Nxd4 Nf6 5. f3 a6 6. c4 g6 7. Nc3 Nc6 8. Be3 Bg7 9. Nb3 0-0 10. Be2 Bd7 11. 0-0 Rb8 12. Qd2 Ne5 13. Bd4 Nc6 14. Bf2 Ne5 15. Nd4 Bc6 16. Rfd1 Qc7 17. Rac1 Rfc8 18. Nd5 Bxd5 19. cxd5 Qd7 20. b3 b5 21. Bg3 Qa7 22. Kh1 Rxc1 23. Qxc1 Re8 24. Bxe5 dxe5 25. Nc6 Qc7 26. Qa3 Qb7 27. Nxe5 h5 28. Nc6 Nd7 29. Nxe7+ Kh8 30. Nc6 Ne5 31. Nxe5 Bxe5 32. Qc1 Rc8 33. Qh6+ Kg8 34. Qd2 Kg7 35. f4 Bc3 36. Qd3 f6 37. Qg3 Kh6 38. e5 fxe5 39. fxe5 Qe7 40. e6 Bf6 41. Bd3 g5 42. Qf3 Qg7 43. d6 Rc3 44. Qe4 Bd8 45. e7 Bxe7 46. dxe7 Rxd3 47. Qxd3 Qxe7 48. Qd6+ Qxd6 49. Rxd6+ Kg7 50. Rxa6 g4 51. Rb6 h4 52. Rxb5 Kg6 53. a4 g3 54. hxg3 hxg3 55. a5 Kf6 56. a6 Ke6 57. a7 Kd6 58. a8Q Kc7 59. Qa6 Kd7 60. Rb7+ Kc8 61. Qa8# 1-0

[Event "Balkan-ch U10 Girls"]
[Site "Tornelo INT"]
[Date "2020.11.01"]
[Round "5"]
[White "Radu, Antonia"]
[Black "Kontogianni, Vasiliki"]
[Result "0-1"]
[WhiteElo "1088"]
[BlackElo "1065"]
[PlyCount "182"]
[EventDate "2020.10.31"]
[EventType "swiss"]
[EventRounds "7"]
[EventCountry "NET"]
[SourceTitle "EXT 2023"]
[Source "ChessBase"]
[SourceDate "2022.10.05"]
[SourceVersion "1"]
[SourceVersionDate "2022.10.05"]
[SourceQuality "1"]

1. e4 c5 2. Nf3 d6 3. d4 cxd4 4. Nxd4 Nf6 5. Bb5+ Bd7 6. Bxd7+ Qxd7 7. Nc3 g6 8. 0-0 Bg7 9. Be3 0-0 10. f3 Qd8 11. Qd3 Na6 12. Qb5 Qc7 13. Qd3 Nc5 14. Qd2 Qb6 15. Nb3 Rfd8 16. Rad1 Nxb3 17. cxb3 Qc6 18. Rc1 Qd7 19. Qf2 b6 20. Rfd1 Qb7 21. Rd2 Rac8 22. Rcd1 Nd7 23. Bd4 Ne5 24. Bxe5 Bxe5 25. Qe3 Qc7 26. Rd3 Qc5 27. Nd5 Qxe3+ 28. Rxe3 Kf8 29. Re2 e6 30. Ne3 Ke7 31. Nc4 Bg7 32. Red2 Rc6 33. a4 Rd7 34. Kf2 a6 35. h3 b5 36. axb5 axb5 37. Ne3 Ra7 38. Nc2 Rac7 39. Nb4 Rb6 40. f4 Ra7 41. f5 Be5 42. fxe6 fxe6 43. Rc2 Kf6 44. Ke3 Kg5 45. Rf1 Rbb7 46. g3 Bxg3 47. Rg2 Kh4 48. Rfg1 Be5 49. Nc6 Ra2 50. Nxe5 dxe5 51. Rg4+ Kh5 52. Rg5+ Kh6 53. Rxe5 Rxb2 54. Rh1 Rxb3+ 55. Kd4 Rb6 56. Kc5 Ra6 57. h4 b4 58. Kc4 Rb2 59. Rb5 Rc6+ 60. Kd3 Rc3+ 61. Kd4 Rcc2 62. Ke5 Re2 63. Kf4 Rf2+ 64. Ke5 b3 65. Kxe6 Rbe2 66. Kd5 Rf8 67. e5 Rxe5+ 68. Kxe5 Rf5+ 69. Kd4 Rxb5 70. Kc4 Rb8 71. Kd4 b2 72. Rb1 Rb4+ 73. Kc3 Rxh4 74. Rxb2 Rh3+ 75. Kd4 g5 76. Rb6+ Kh5 77. Ke5 h6 78. Kf6 Kg4 79. Rb4+ Kf3 80. Kg6 g4 81. Kf5 g3 82. Rb3+ Kg2 83. Kg4 Kh2 84. Rb2+ g2 85. Kf4 Kh1 86. Rb1+ g1Q 87. Rb2 Qc1+ 88. Kg4 Qxb2 89. Kxh3 Qg2+ 90. Kh4 Kh2 91. Kh5 Qg5# 0-1

[Event "ROM-ch U08 Girls"]
[Site "Calimanesti Caciulata"]
[Date "2019.04.22"]
[Round "9.4"]
[White "Gheorghiu, Theodora Maria"]
[Black "Radu, Antonia"]
[Result "0-1"]
[WhiteElo "1001"]
[BlackElo "1001"]
[PlyCount "71"]
[EventDate "2019.04.15"]
[EventType "swiss"]
[EventRounds "9"]
[EventCountry "ROU"]
[SourceTitle "EXT 2024"]
[Source "ChessBase"]
[SourceDate "2023.10.10"]
[SourceVersion "1"]
[SourceVersionDate "2023.10.10"]
[SourceQuality "1"]

1. e4 c5 2. Nf3 d6 3. d4 cxd4 4. Nxd4 Nf6 5. Nc3 a6 6. f3 e6 7. Be3 Be7 8. Qd2 0-0 9. g4 e5 10. Nde2 Nfd7 11. 0-0-0 Nc6 12. h3 b5 13. Nd5 h6 14. Nxe7+ Qxe7 15. h4 Qf6 16. g5 hxg5 17. hxg5 Qe6 18. Qxd6 Qxd6 19. Rxd6 Na5 20. Bh3 Nc4 21. Rd3 Nxe3 22. Rxe3 a5 23. Kb1 Nb6 24. Nc3 Bxh3 25. Rxh3 Rad8 26. Rd3 b4 27. Nb5 Nc4 28. b3 Na3+ 29. Nxa3 bxa3 30. Kc1 Rc8 31. Rd5 Rc7 32. Rxe5 Rfc8 33. Rh2 Ra8 34. f4 f6 35. Rf5 Ra6 36. Rh5 0-1

[Event "ROM-ch U08 Girls"]
[Site "Calimanesti Caciulata"]
[Date "2019.04.19"]
[Round "6.2"]
[White "Gavriliuc, Victoria"]
[Black "Radu, Antonia"]
[Result "0-1"]
[WhiteElo "1001"]
[BlackElo "1001"]
[PlyCount "138"]
[EventDate "2019.04.15"]
[EventType "swiss"]
[EventRounds "9"]
[EventCountry "ROU"]
[SourceTitle "EXT 2024"]
[Source "ChessBase"]
[SourceDate "2023.10.10"]
[SourceVersion "1"]
[SourceVersionDate "2023.10.10"]
[SourceQuality "1"]

1. e4 c5 2. Nf3 d6 3. Bb5+ Bd7 4. Bxd7+ Qxd7 5. 0-0 Nc6 6. c3 Nf6 7. Qe2 Qg4 8. Re1 Qg6 9. e5 dxe5 10. Nxe5 Nxe5 11. Qxe5 Nd7 12. Qg3 Qxg3 13. fxg3 e6 14. d4 cxd4 15. cxd4 Nb6 16. Nc3 Bb4 17. a3 Bxc3 18. bxc3 0-0 19. Bf4 Nd5 20. Bd6 Rfc8 21. Bb4 Nxc3 22. Rac1 Ne2+ 23. Rxe2 Rxc1+ 24. Re1 Rxe1+ 25. Bxe1 Rd8 26. Bc3 h6 27. Kf2 a5 28. Bxa5 Rxd4 29. Ke3 Rd5 30. Bb4 f5 31. h3 Kf7 32. g4 fxg4 33. hxg4 g5 34. Ke4 Kf6 35. Bc3+ Ke7 36. Bg7 Ra5 37. Bxh6 Ra4+ 38. Kf3 Rxa3+ 39. Ke4 Ra5 40. g3 Kf7 41. Kf3 b5 42. Bxg5 b4 43. Bd2 Rb5 44. Ke2 b3 45. Bc3 b2 46. Bxb2 Rxb2+ 47. Ke3 Rb4 48. Kf3 e5 49. g5 Kg6 50. Ke3 Kxg5 51. Kf3 Rb3+ 52. Ke4 Kf6 53. g4 Rb4+ 54. Kf3 Kg5 55. Kg3 Rxg4+ 56. Kf3 e4+ 57. Ke3 Kf5 58. Ke2 Kf4 59. Kf2 e3+ 60. Ke2 Rg2+ 61. Kf1 e2+ 62. Ke1 Kf3 63. Kd2 Kf2 64. Kd3 e1Q 65. Kd4 Kf3 66. Kd5 Rd2+ 67. Kc4 Qc1+ 68. Kb3 Rb2+ 69. Ka4 Qa1# 0-1

[Event "ROM-ch U08 Girls"]
[Site "Calimanesti Caciulata"]
[Date "2019.04.16"]
[Round "2.7"]
[White "Radu, Antonia"]
[Black "Craita, Miruna Gabriela"]
[Result "1-0"]
[WhiteElo "1001"]
[BlackElo "1001"]
[PlyCount "45"]
[EventDate "2019.04.15"]
[EventType "swiss"]
[EventRounds "9"]
[EventCountry "ROU"]
[SourceTitle "EXT 2024"]
[Source "ChessBase"]
[SourceDate "2023.10.10"]
[SourceVersion "1"]
[SourceVersionDate "2023.10.10"]
[SourceQuality "1"]

1. e4 e5 2. Nf3 Nc6 3. Bc4 Nd4 4. Nxd4 exd4 5. c3 dxc3 6. dxc3 Nf6 7. e5 Ne4 8. Qf3 d5 9. Bd3 Ng5 10. Bxg5 f6 11. exf6 gxf6 12. Bxf6 Be7 13. Bxh8 Bf6 14. Bxf6 Qd6 15. Qh5+ Kd7 16. Qxh7+ Kc6 17. Bd4 Bg4 18. 0-0 Qd8 19. Qg6+ Qd6 20. Qxg4 Qd8 21. Be5 Qg8 22. Qa4+ Kc5 23. Qb5# 1-0